ბათუმის შოთა რუსთაველის სახელმწიფო უნივერსიტეტის ბიბლიოთეკა

სისხლის სამართალი : (ბიბ.ჩანაწერი № 59532)

000 -ლიდერი
ფიქსირებული სიგრძის საკონტროლო ველი 01187nam a22002417a 4500
003 - საკონტროლო ნომრის იდენტიფიკატორი
საკონტროლო ველი Ge_BSU
005 - ბოლო ოპერაციის თარიღი და დრო
საკონტროლო ველი 20230310155458.0
008 - ფიქსირებული სიგრძის მონაცემთა ელემენტები - ზოგადი ინფორმაცია
ფიქსირებული სიგრძის საკონტროლო ველი 230310s2002 ge ||||| |||| 00| 0 geo d
016 ## - ეროვნული ბიბლიოგრაფიული სააგენტოს საკონტროლო ნომერი
Record control number
020 ## - წიგნის საერთაშორისო სტანდარტული ნომერი
International Standard Book Number 999289752X
041 ## - ენის კოდი
Language code of text/sound track or separate title geo
080 ## - უნივერსალური ათობითი კლასიფიკაციის ინდექსი
Universal Decimal Classification number 343(076.1) ხ-94
100 ## - მთავარი ჩანაწერი - პიროვნების სახელი
Personal name ხუროშვილი, გია
9 (RLIN) 17168
245 ## - ცნობა სათაურის შესახებ
Title სისხლის სამართალი :
Remainder of title ადამიანის წინააღმდეგ მიმართული დანაშაულები : ამოცანათა კრებული /
Statement of responsibility, etc გია ხუროშვილი; [რედ.: მზია ლეკვეიშვილი].
264 ## - წარმოების, გამოცემის, დისტრიბუციის და სხვა ცნობები
გამოცემის, წარმოების, დისტრიბუციის... ადგილი თბილისი :
გამოცემის, წარმოების, დისტრიბუციის... სახელწოდება უნივერსალი,
გამოცემის, წარმოების, დისტრიბუციის... თარიღი 2002.
300 ## - ფიზიკური აღწერა
Extent 128 გვ. ;
Other physical details 20 სმ.
504 ## - BIBLIOGRAPHY, ETC. NOTE
Bibliography, etc ბიბლიოგრ.: გვ. 127-128.
653 ## - INDEX TERM--UNCONTROLLED
Uncontrolled term სისხლის სამართალი
653 ## - INDEX TERM--UNCONTROLLED
Uncontrolled term ამოცანათა კრებულები.
653 ## - INDEX TERM--UNCONTROLLED
Uncontrolled term მიმართული დანაშაული.
700 ## - ADDED ENTRY--PERSONAL NAME
Personal name ლეკვეიშვილი, მზია
Relator term რედაქტორი
9 (RLIN) 17169
942 ## - ADDED ENTRY ELEMENTS (KOHA)
Source of classification or shelving scheme
Koha item type წიგნი
ეგზემპლარები
ჩამოწერის სტატუსი დაკარგული ეგზემპლარის სტატუსი კლასიფიკაციის წყარო ან თაროზე გაწყობის სქემა დაზიანების სტატუსი არ გაიცემა მუდმივი მდებარეობა (დაცვის ადგილი) ამჟამინდელი ადგილსამყოფელი თაროზე განთავსების ადგილი შეძენის თარიღი ღირებულება, შესყიდვის ნორმალური ფასი სრული შენახვის შიფრი შტრიხკოდი ბოლო ოპერაციის თარიღი ეგზემპლარის მიმდევრობითი ნომერი (კეტერი?) ფასის ძალაში შესვლის თარიღი ეგზემპლარის სახეობა საჯარო შენიშვნა
          ბათუმის შოთა რუსთაველის სახელმწიფო უნივერსიტეტის მთავარი ბიბლიოთეკა ბათუმის შოთა რუსთაველის სახელმწიფო უნივერსიტეტის მთავარი ბიბლიოთეკა წიგნსაცავი 2023-03-10 5.00 343(076.1) ხ-94 63997 2023-03-10 63997 2023-03-10 წიგნი 5 ლ.